000
00236 a2200097 4500
001
51259
100
_a
Scott G M
245
_a
Principles of Management Information Systems
260
_a
New York
_b
McGraw Hill
_c
090
_c
32450
_d
32450
942
_a
NUST-CAE
_c
M
_c
24948
999
_c
286332
_d
286332